000 00856nam a22002177a 4500
999 _c21260
_d21260
003 AR-CdUCM
008 190320b ||||| |||| 00| 0 spa d
040 _aMUNICIPALIDAD PROVINCIAL DEL CUSCO
_cBIBLIOTECA MUNICIPAL DEL CUSCO
082 _a512.92/M42L
_bM42L
100 _aMendoza Enríquez, Félix Ántero
_944410
245 _aLos secretos para multiplicar mentalmente /
260 _aCusco ;
_bImpresiones Max,
_c2018.
300 _a164 Páginas. :
_c20 cm.
505 _aContenido: Multiplicación de 5 -- Multiplicación de 6xa a es par -- Multiplicación de 6xb, b es impar -- Multiplicación de 6,7,8,9 -- Multiplicación de 9 ...
650 _aMatemáticas
_99398
650 _aMultiplicación
_944411
650 _aEstrategias de multiplicación
_944412
650 _aOperaciones matemáticas
_919908
942 _2ddc
_cLIBROS
945 _aRoel